Crestita el gallito valiente

Gardado en:
Detalles Bibliográficos
Autor Principal: Oesterheld, Héctor G. (autor)
Formato: Libro
Idioma:Lingua castelá
Publicado: Buenos Aires Sigmar 1988
Series:Colección mis animalitos
Subjects:
Tags: Engadir etiqueta
Sen Etiquetas, Sexa o primeiro en etiquetar este rexistro!

MARC

LEADER 00000nam a2200000 a 4500
001 UCW5579
003 CL-VaPUC
008 910612e19880000AG |||||||||||||||||spa|d
082 0 4 |a 808.068  |b OES  |2 21 
100 |a Oesterheld, Héctor G.  |e autor  |9 310586 
245 1 0 |a Crestita el gallito valiente 
300 |a 8 p 
942 |c BK 
945 |d 19910612 00:00:00 
260 |a Buenos Aires  |b Sigmar  |c 1988 
650 0 |a Literatura infantil   |9 307465 
650 0 |a Cuentos infantiles  |9 308044 
583 |a last modification  |c 19910612 00:00:00  |k Rodrigo Vera 
490 0 |a Colección mis animalitos 
999 |c 218972  |d 218970